[Event "US Open-99"]
[Site "Kailua Kona"]
[Date "1998.08.04"]
[Round "4"]
[White "De Guzman, Ricardo"]
[Black "Naole, Sean"]
[Result "0-1"]
[WhiteElo "2400"]
[BlackElo "2265"]
[PlyCount "126"]
[EventDate "1998.08.01"]
[EventType "swiss"]
[EventRounds "9"]
[EventCountry "USA"]
[SourceTitle "EXT 1999"]
[Source "ChessBase"]
[SourceDate "1998.11.16"]
[SourceVersion "1"]
[SourceVersionDate "1998.11.16"]
[SourceQuality "1"]

1. e4 c5 2. f4 g6 3. Nf3 Bg7 4. Nc3 Nc6 5. Bc4 e6 6. 0-0 Nge7 7. d3 d5 8. Bb3 a6 9. Qe1 Nd4 10. Kh1 b5 11. Nxd4 cxd4 12. Nd1 0-0 13. Rf3 Nc6 14. Bd2 a5 15. a4 b4 16. Nf2 Ra7 17. Qe2 f5 18. Rg1 fxe4 19. dxe4 d3 20. Qd1 dxc2 21. Bxc2 Nd4 22. Rg3 Nxc2 23. Qxc2 Rc7 24. Qb3 dxe4 25. Nxe4 Qd4 26. Re1 Qxb2 27. Qxb2 Bxb2 28. Rd3 Rd7 29. Rxd7 Bxd7 30. Nc5 Rd8 31. Be3 Bc8 32. h3 Bc3 33. Rc1 Rd5 34. Kg1 e5 35. fxe5 Rxe5 36. Kf2 Rf5+ 37. Ke2 Re5 38. Rd1 Re8 39. Nb3 Bf5 40. Rc1 Bd7 41. Kf2 Re5 42. Nc5 Bc6 43. g4 Re8 44. g5 Rf8+ 45. Ke2 Rf3 46. Rd1 Rxh3 47. Rd8+ Kf7 48. Bf4 Rh4 49. Bd6 Be8 50. Rb8 Rd4 51. Rb7+ Kg8 52. Be7 Rd5 53. Ra7 Bd4 54. Rxa5 Re5+ 55. Kd3 Bg1 56. Ra8 Rxe7 57. Ne4 Kg7 58. Nf6 Kf7 59. Kc4 Be3 60. Nxh7 Rb7 61. Kb3 Bd7 62. Nf8 Bc6 63. Rd8 Bxa4+ 0-1

[Event "World op 26th"]
[Site "Philadelphia"]
[Date "1998.07.01"]
[Round "5"]
[White "Lein, Anatoly"]
[Black "Naole, Sean"]
[Result "0-1"]
[WhiteElo "2465"]
[BlackElo "2145"]
[PlyCount "72"]
[EventDate "1998.06.27"]
[EventType "swiss"]
[EventRounds "9"]
[EventCountry "USA"]
[SourceTitle "EXT 1999"]
[Source "ChessBase"]
[SourceDate "1998.11.16"]
[SourceVersion "1"]
[SourceVersionDate "1998.11.16"]
[SourceQuality "1"]

1. d4 Nf6 2. c4 Nc6 3. Nf3 e6 4. Nc3 Bb4 5. Bd2 0-0 6. e3 d6 7. Be2 e5 8. d5 Nb8 9. 0-0 Bg4 10. Ne1 Bxe2 11. Qxe2 Nbd7 12. Nc2 Bxc3 13. Bxc3 Ne4 14. Be1 a5 15. f3 Nec5 16. e4 f5 17. exf5 Rxf5 18. Na3 Rf7 19. Bf2 b6 20. Nb5 Nf6 21. Be3 Qe7 22. Rae1 Re8 23. Qd2 Na6 24. b3 Ref8 25. a3 Nh5 26. b4 axb4 27. axb4 Qh4 28. Rc1 h6 29. Rf2 e4 30. Nd4 exf3 31. Ne6 Rb8 32. Qb2 b5 33. Qa3 Qe4 34. Bd2 bxc4 35. Qxa6 c3 36. Rxc3 Rxb4 0-1